000 01300nam0a22002651 4500
001 rc\3549534
005 20250610035143.0
021 _aRU
_b[72-51580]
035 _a(NLR Aleph) 007674315
090 _a6468718
_c6468718
100 _a20130115d1972 |||y0rusy50 ca
101 0 _arus
102 _aRU
105 _ay z |||||
200 1 _aТезисы докладов
_fЦентр. правл. НТО строит. индустрии. Харьк. обл. правл. НТО строит. индустрии. Харьк. ин-т инженеров коммун. стр-ва. Четвертая Всесоюз. конф. по проблемам устойчивости в строит. механике. Харьков, 12-15 сент. 1972 г.
210 _aМосква
_cБ. и.
_d1972
215 _a229 с.
_d20
606 _aУстойчивость, теория
_jТезисы докладов
_2psbo
606 _aСтроительная механика
_jТезисы докладов
_2psbo
710 1 2 _aВсесоюзная конференция по проблемам устойчивости в строительной механике (4; 1972; Харьков)
801 0 _aRU
_bNLR
_gpsbo
801 1 _aRU
_bELAR
_2rusmarc
852 _aNLR
_j72-3/6372
942 _cBOOK
980 _aNB